|
|
|
|
| LEADER |
00000nab a22000001a 4500 |
| 001 |
vtls010303123 |
| 003 |
SK-MaSNL |
| 005 |
20260303091149.0 |
| 008 |
110811d193309 xo |r|p|||| |000 b|slo |
| 015 |
|
|
|a SNBRRBVU1918-1938
|
| 038 |
|
|
|a SNKBUCL
|
| 038 |
|
|
|a SNKBUVU
|
| 040 |
|
|
|a SNKBUVU
|b slo
|c SNKBUCL
|e AACR2
|
| 041 |
0 |
|
|a slo
|
| 044 |
|
|
|a xo
|c SK
|
| 080 |
|
|
|a 72.071.1
|2 1997
|
| 080 |
|
|
|a 728.3
|2 1997
|
| 100 |
1 |
|
|a Levatich, Štefan
|4 aut
|9 1099070
|
| 245 |
1 |
0 |
|a Obchodný a obytný dom p. A. R. na Mlynských Nivách
|c ing. arch. Štefan Levatich
|
| 300 |
|
|
|a Fotogr., obr. 2
|
| 650 |
0 |
7 |
|a slovenská architektúra
|2 MM
|9 2967
|
| 650 |
0 |
7 |
|a rodinné domy
|2 MM
|9 2984
|
| 650 |
0 |
7 |
|a obchodné domy
|2 MM
|9 3005
|
| 651 |
|
7 |
|a Mlynské Nivy (Bratislava, Slovensko)
|2 snkbucl
|9 1099071
|
| 655 |
|
7 |
|a fotografie
|2 MM
|9 70713
|
| 655 |
|
7 |
|a projektová dokumentácia
|2 MM
|9 548437
|
| 773 |
0 |
|
|t Slovenský staviteľ
|g Roč. 3, č. 9 (1933), s. 116
|
| 852 |
|
|
|a SNK
|b KIS3GCP
|
| 910 |
|
|
|a snkrbvumm
|
| 958 |
|
|
|a VY
|
| 999 |
|
|
|c 1806413
|d 1808343
|